Elutazott az odesszai pártküldöttség

Elmentve itt :
Bibliográfiai részletek
Dokumentumtípus: Cikk
Megjelent: 1984-10-14
Sorozat:Délmagyarország 74 No. 242
Kulcsszavak:Odessza
Online Access:http://dmarchiv.bibl.u-szeged.hu/112169
LEADER 00404nab a2200145 i 4500
001 delm112169
005 20190903114739.0
008 190903s1984 hu o 0|| hun d
040 |a SZTE Délmagyarország Archívum  |b hun 
041 |a hun 
245 0 0 |a Elutazott az odesszai pártküldöttség  |h [elektronikus dokumentum] 
260 |c 1984-10-14 
300 |a 3 
490 0 |a Délmagyarország  |v 74 No. 242 
695 |a Odessza